| 000 | 00433nam a2200169Ia 4500 | ||
|---|---|---|---|
| 008 | 210210b1974 xxu||||| |||| 00| 0 eng d | ||
| 020 | _a0 02 311510 6 | ||
| 082 | _a760 BOCA | ||
| 100 | _aBOCKUS (H William). | ||
| 245 | _aAdvertising graphics. Ed 2. | ||
| 250 | _a | ||
| 260 |
_aNew York. _bMacmillan Publishing Co Inc _c1974 |
||
| 300 | _axi,273 | ||
| 650 | _aAdvertising Graphics | ||
| 690 | _aThe Arts | ||
| 906 | _aSG01631 | ||
| 999 |
_c113032 _d113032 |
||